Päťročná Kooperatíva je druhá najsilnejšia na Slovensku aj v ČR
Charakteristika služieb, vývoja a výsledkov činnosti poisťovne Kooperatíva, a.s. Bratislava. Kooperatíva vytvorila s českými dcérskymi spoločnosťami holdingovú spoločnosť Kooperativa Group. Počet akcionárov. Stabilizácia na trhu.
Gespeichert in:
| 1. Verfasser: | |
|---|---|
| Format: | Buchkapitel |
| Sprache: | Slowakisch |
| Schlagworte: | |
| Tags: |
Keine Tags, Fügen Sie das erste Tag hinzu!
|
MARC
| LEADER | 00000naa a2200000 4500 | ||
|---|---|---|---|
| 001 | r019209 | ||
| 005 | 20221205103037.9 | ||
| 041 | 0 | |a slo | |
| 044 | |a SK | ||
| 245 | 1 | 0 | |a Päťročná Kooperatíva je druhá najsilnejšia na Slovensku aj v ČR |c J. Kovalčík |
| 520 | |a Charakteristika služieb, vývoja a výsledkov činnosti poisťovne Kooperatíva, a.s. Bratislava. Kooperatíva vytvorila s českými dcérskymi spoločnosťami holdingovú spoločnosť Kooperativa Group. Počet akcionárov. Stabilizácia na trhu. | ||
| 610 | 2 | 0 | |a Slovensko |
| 610 | 2 | 0 | |a Česko |
| 610 | 2 | 0 | |a Kooperatíva, družstevná poisťovňa, a.s. Bratislava |
| 610 | 2 | 0 | |a Kooperativa Group |
| 610 | 2 | 0 | |a 1990-1995 |
| 610 | 2 | 0 | |a poistenie |
| 610 | 2 | 0 | |a poisťovne |
| 610 | 2 | 0 | |a služby finančné |
| 610 | 2 | 0 | |a akcionári |
| 610 | 2 | 0 | |a spoločnosti holdingové |
| 100 | 1 | |a Kovalčík, J. | |